000 00219 a2200097 4500
001 30343
100 _aFlourev, M
245 _aAn anthology of modern prose
260 _aLondon
_bCassell & Co
_c
090 _c20294
_d20294
942 _aNUST-CAE
_cM
_c11441
999 _c265416
_d265416